[Event "Mechanics' Winter TNM; 30/90, SD/30"]
[Site "San Francisco"]
[Date "2012.01.10"]
[Round "2.6"]
[White "Newey, Richard"]
[Black "Todortsev, Victor"]
[Result "0-1"]
[WhiteElo "1724"]
[BlackElo "1959"]
[PlyCount "50"]
[EventDate "2012.??.??"]

1. e4 c5 2. d4 cxd4 3. c3 d3 4. Bxd3 d6 5. Be3 g6 6. Nf3 Bg7 7. Nbd2 Nf6 8. h3
O-O 9. O-O a6 10. a4 Nc6 11. Nc4 Be6 12. Nb6 Rb8 13. a5 Nd7 14. Nxd7 Bxd7 15.
Bb6 Qc8 16. Kh2 Bh6 17. Ng1 Ne5 18. Be2 Nc4 19. Bxc4 Qxc4 20. Qd4 Qb5 21. c4
Qc6 22. Rfd1 Be6 23. Ba7 Rbc8 24. Qb6 Qxe4 25. Rd4 Qc6 0-1

[Event "Mechanics' Fall TNM; 30/90, SD/30"]
[Site "San Francisco"]
[Date "2012.10.30"]
[Round "3.12"]
[White "Newey, Richard"]
[Black "Todortsev, Victor"]
[Result "0-1"]
[WhiteElo "1704"]
[BlackElo "1940"]
[Annotator "Donaldson"]
[PlyCount "110"]
[EventDate "2012.??.??"]

1. e4 c5 2. d4 cxd4 3. c3 Nf6 4. e5 Nd5 5. cxd4 e6 6. Nf3 Be7 7. Bd3 Nc6 8. O-O
O-O 9. a3 (9. Nc3) 9... f5 10. Nbd2 (10. Nc3) 10... d6 11. exd6 Bxd6 12. Nc4
Bc7 13. Bg5 Qe8 14. Re1 Qh5 15. h3 f4 16. Qc2 g6 (16... h6 17. Bg6) 17. h4 (17.
Nce5 Nxd4 18. Nxd4 Qxg5 19. Ndf3) 17... Bd7 18. Nce5 Bxe5 19. dxe5 Rac8 20. Qb1
(20. Be4 Nxe5 21. Nxe5 Rxc2 22. Bxc2 $18) 20... Kg7 21. Nh2 h6 22. Be2 f3 23.
g4 (23. Bxf3 Rxf3 24. g4 hxg5 25. gxh5 Rf5) 23... Qxg5 24. hxg5 fxe2 25. gxh6+
Kxh6 26. Rxe2 Nf4 27. Re3 Ne7 28. g5+ Kg7 29. Qd1 Bc6 30. Rc1 Rcd8 31. Qc2 Nf5
32. Ng4 Rh8 33. Nh2 Rxh2 34. Qxc6 bxc6 35. Kxh2 Nxe3 36. fxe3 Rd2+ 37. Kh1 Nh3
38. Rxc6 Nxg5 39. Kg1 Rxb2 40. Rc7+ Kh6 41. Rxa7 Nf3+ 42. Kf1 Kg5 43. Ra4 Nxe5
44. Re4 Nd3 45. Rxe6 Ra2 46. Rd6 Rxa3 47. Ke2 Ne5 48. Rd5 Ra2+ 49. Kf1 Kf5 50.
Rd4 g5 51. Rd1 Ke4 52. Rd8 Kf3 53. Rf8+ Kxe3 54. Rf5 Nf3 55. Rf4 Rf2# 0-1

[Event "Mechanics' Winter TNM; 30/90, SD/30"]
[Site "San Francisco"]
[Date "2012.01.24"]
[Round "4.18"]
[White "Ochoa, Jason"]
[Black "Donnelly, Patrick"]
[Result "1-0"]
[WhiteElo "1906"]
[BlackElo "1556"]
[PlyCount "65"]
[EventDate "2012.??.??"]

1. c4 e5 2. g3 Nf6 3. Bg2 Nc6 4. Nc3 Bc5 5. e3 O-O 6. Nge2 d6 7. O-O Be6 8. d4
exd4 9. exd4 Nxd4 10. Nxd4 Bxc4 11. Re1 Re8 12. Rxe8+ Qxe8 13. Be3 c6 14. Nf5
Qe5 15. Bxc5 Qxc5 16. Ne3 Be6 17. Ne4 Nxe4 18. Bxe4 Qb4 19. Qc2 g6 20. a3 Qb6
21. Re1 d5 22. Bf3 Rd8 23. Ng4 d4 24. Qd2 c5 25. Qg5 d3 26. Nf6+ Kg7 27. Qe5
Kh6 28. Re4 g5 29. h4 gxh4 30. Rxh4+ Kg6 31. Be4+ Kg7 32. Nd7+ f6 33. Qxf6+ 1-0

[Event "Mechanics' Winter TNM; 30/90, SD/30"]
[Site "San Francisco"]
[Date "2012.01.17"]
[Round "3.7"]
[White "Ochoa, Jason"]
[Black "Fuentes, Romulo"]
[Result "0-1"]
[WhiteElo "1906"]
[BlackElo "2211"]
[PlyCount "93"]
[EventDate "2012.??.??"]

1. c4 c5 2. g3 Nc6 3. Bg2 Nf6 4. Nc3 e6 5. Nf3 d5 6. cxd5 Nxd5 7. Nxd5 Qxd5 8.
O-O Be7 9. d3 Qd7 10. Be3 Rb8 11. Rc1 b6 12. d4 Nxd4 13. Bxd4 cxd4 14. Ne5 Qd6
15. Bc6+ Kf8 16. Nf3 e5 17. Qa4 a6 18. Rfd1 g6 19. Be4 b5 20. Qa5 Bb7 21. Bxb7
Rxb7 22. Rc8+ Kg7 23. Rdc1 Rxc8 24. Rxc8 d3 25. exd3 Qxd3 26. Nxe5 Qd1+ 27. Kg2
Qd5+ 28. Nf3 g5 29. h3 h5 30. Qc3+ Bf6 31. Qc6 Rd7 32. Qxd5 Rxd5 33. Rc6 a5 34.
b3 Be7 35. Ra6 b4 36. g4 h4 37. Kf1 Bf6 38. Ke2 Rc5 39. Rd6 Bc3 40. Rd7 Kf8 41.
Ra7 Rd5 42. Rc7 Ke8 43. a4 f6 44. Ke3 Kd8 45. Ra7 f5 46. gxf5 Rxf5 {Both player
s were very low of time here and stopped keeping score. Black won in a time
scramble.} 47. Ke4 0-1

[Event "Mechanics' Mar TNM; 30/90, SD/30"]
[Site "San Francisco"]
[Date "2012.09.18"]
[Round "8.6"]
[White "Ochoa, Jason"]
[Black "Gaffagan, Steven"]
[Result "0-1"]
[WhiteElo "1900"]
[BlackElo "2062"]
[PlyCount "64"]
[EventDate "2012.??.??"]

1. c4 g6 2. g3 Bg7 3. Bg2 Nf6 4. Nc3 O-O 5. e4 d6 6. Nge2 c5 7. O-O Nc6 8. d3
a6 9. h3 Rb8 10. Rb1 b5 11. b3 e6 12. Be3 b4 13. Na4 e5 14. f4 exf4 15. gxf4
Nh5 16. e5 Nd4 17. Bxd4 cxd4 18. Nxd4 Bd7 19. Nf3 Nxf4 20. Kh2 Nxg2 21. Kxg2
dxe5 22. Nc5 Bc6 23. Nxa6 Rb6 24. Nc5 Qe7 25. Ne4 f5 26. Ng3 e4 27. dxe4 fxe4
28. Nd4 Ba8 29. Rxf8+ Qxf8 30. Qg1 e3+ 31. Kh2 Bxd4 32. Rd1 Rf6 0-1

[Event "Mechanics' Spring TNM; 30/90, SD/30"]
[Site "San Francisco"]
[Date "2012.03.27"]
[Round "3.8"]
[White "Ochoa, Jason"]
[Black "Goins, Demetrius"]
[Result "0-1"]
[WhiteElo "1906"]
[BlackElo "2102"]
[PlyCount "60"]
[EventDate "2012.??.??"]

1. c4 c6 2. Nf3 d5 3. g3 Nf6 4. Bg2 Bf5 5. O-O e6 6. cxd5 exd5 7. d3 Be7 8. Qb3
Qb6 9. Qxb6 axb6 10. Be3 Nbd7 11. Nc3 O-O 12. Nh4 Be6 13. h3 b5 14. a3 Nc5 15.
Bxc5 Bxc5 16. Rfc1 Nd7 17. e4 d4 18. Ne2 Bb6 19. Nf3 Nc5 20. Rd1 Bb3 21. Rf1
Nxd3 22. Nexd4 Be6 23. Rab1 Rad8 24. Nc2 Ba2 25. Ra1 Bc4 26. Ne3 Bxe3 27. fxe3
Nxb2 28. Rfb1 Na4 29. Ne5 Be6 30. Rb2 $4 Nxb2 0-1

[Event "Mechanics' Mar TNM; 30/90, SD/30"]
[Site "San Francisco"]
[Date "2012.08.28"]
[Round "5.10"]
[White "Ochoa, Jason"]
[Black "Klinetobe, David"]
[Result "0-1"]
[WhiteElo "1900"]
[BlackElo "2055"]
[PlyCount "104"]
[EventDate "2012.??.??"]

1. c4 Nf6 2. g3 c5 3. Bg2 d5 4. cxd5 Nxd5 5. Nf3 Nc6 6. O-O e5 7. b3 Be7 8. Bb2
f6 9. d3 O-O 10. Nbd2 Be6 11. Rc1 Qd7 12. Re1 Rac8 13. Ne4 b6 14. Qd2 Rfd8 15.
Red1 Ndb4 16. Ba1 Na5 17. Rb1 Bf5 18. Nc3 Qe8 19. a3 Nbc6 20. Qc2 c4 21. bxc4
Bxa3 22. Nd5 Kh8 23. Nh4 Be6 24. Qa4 Bc5 25. e3 Bd7 26. Qa2 Bg4 27. Rd2 Bf8 28.
Bc3 Be6 29. Qb2 Nb7 30. Ra1 Nd6 31. Nb4 Nxb4 32. Bxb4 Qd7 33. Bc3 Rc7 34. Nf3
Qc8 35. h4 e4 36. Nd4 exd3 37. Nxe6 Qxe6 38. Bd5 Qf5 39. Ra4 Rdc8 40. Qa2 Ne4
41. Bxe4 Qxe4 42. Bd4 b5 43. Rxa7 bxc4 44. Rxc7 Rxc7 45. Bc3 Qc6 46. Rb2 h6 47.
h5 Rc8 48. Qa7 Ra8 49. Rb6 Qf3 50. Qf7 d2 51. Rxf6 d1=Q+ 52. Be1 Qxe1+ 0-1

[Event "Mechanics' Summer TNM; 30/90, SD/30"]
[Site "San Francisco"]
[Date "2012.06.19"]
[Round "5.4"]
[White "Ochoa, Jason"]
[Black "Lin, Michael"]
[Result "0-1"]
[WhiteElo "1900"]
[BlackElo "2054"]
[PlyCount "82"]
[EventDate "2012.??.??"]

1. c4 c5 2. g3 Nf6 3. Bg2 d5 4. cxd5 Nxd5 5. Nf3 Nc6 6. O-O e5 7. Qb3 Nc7 8.
Nc3 Be7 9. d3 O-O 10. Be3 Rb8 11. Rac1 Bg4 12. Ne4 b6 13. Rfe1 Nd5 14. Nfd2 Be6
15. Qb5 Rc8 16. Nc4 Qd7 17. Ng5 Bxg5 18. Bxg5 f6 19. Bd2 Rfd8 20. a3 Qf7 21.
Bc3 Kh8 22. Rc2 Qb7 23. Na5 Nxa5 24. Bxa5 Bd7 25. Qb3 Bc6 26. Bd2 Ne7 27. Bxc6
Nxc6 28. Qc4 Nd4 29. Rcc1 b5 30. Qa2 e4 31. dxe4 Qxe4 32. Bc3 Nxe2+ 33. Rxe2
Qxe2 34. Qb1 Qd3 35. Qa1 Qf3 36. h4 b4 37. Be1 a5 38. Qb1 h6 39. Qc2 Re8 40.
Qg6 Re2 41. h5 Rce8 0-1

[Event "Mechanics' Spring TNM; 30/90, SD/30"]
[Site "San Francisco"]
[Date "2012.04.10"]
[Round "5.20"]
[White "Ochoa, Jason"]
[Black "Macintyre, Brendan"]
[Result "1-0"]
[WhiteElo "1906"]
[BlackElo "1675"]
[PlyCount "87"]
[EventDate "2012.??.??"]

1. c4 c5 2. g3 g6 3. Bg2 Bg7 4. e4 Nc6 5. Ne2 d6 6. O-O Nf6 7. Nbc3 O-O 8. d3
Bd7 9. Bg5 Qc8 10. Nd5 Bh3 11. Bxf6 exf6 12. Qd2 Bxg2 13. Kxg2 f5 14. f3 Qd7
15. Qg5 f6 16. Qd2 Ne5 17. exf5 g5 18. f4 Nf7 19. fxg5 Nxg5 20. h4 Nf7 21. Nef4
Rac8 22. Ne6 Rfe8 23. Rae1 Ne5 24. Ndf4 Qc6+ 25. Nd5 b5 26. b3 bxc4 27. dxc4
Qb7 28. Kh3 Qd7 29. Ndf4 Bh6 30. Qd5 Bxf4 31. gxf4 Nf7 32. Rg1+ Kh8 33. Rg7 Re7
34. Rg3 Nh6 35. Rge3 a6 36. Rg3 a5 37. Rd3 Nf7 38. Red1 Rc6 39. Nxc5 Rxc5 40.
Qxc5 a4 41. Qd5 Qa7 42. c5 dxc5 43. Rg3 axb3 44. Qd8+ 1-0

[Event "Mechanics' Mar TNM; 30/90, SD/30"]
[Site "San Francisco"]
[Date "2012.08.14"]
[Round "3.24"]
[White "Ochoa, Jason"]
[Black "Olson, David"]
[Result "1-0"]
[WhiteElo "1900"]
[BlackElo "1400"]
[PlyCount "71"]
[EventDate "2012.??.??"]

1. c4 e5 2. g3 Bc5 3. Bg2 Nf6 4. e3 O-O 5. Ne2 c6 6. O-O d5 7. d4 exd4 8. exd4
Be7 9. cxd5 Nxd5 10. Nbc3 Bg4 11. Qb3 Bxe2 12. Nxe2 Qd7 13. Nc3 Nf6 14. Bg5 Na6
15. Rad1 Rab8 16. Rfe1 h6 17. Bf4 Rbd8 18. Be5 Nd5 19. Nxd5 cxd5 20. h4 Nb4 21.
Kh2 f6 22. Bh3 f5 23. Bf4 Nc6 24. Bg2 g5 25. hxg5 hxg5 26. Be5 Bf6 27. Kg1 Kg7
28. Qe3 Rde8 29. Qxg5+ Kh7 30. Bxf6 Qf7 31. Rxe8 Rxe8 32. Bxd5 Qg6 33. Qxg6+
Kxg6 34. Bxc6 bxc6 35. Be5 Kg5 36. Rc1 1-0

[Event "Mechanics' Winter TNM; 30/90, SD/30"]
[Site "San Francisco"]
[Date "2012.02.14"]
[Round "7.3"]
[White "Ochoa, Jason"]
[Black "Rumph, Todd"]
[Result "0-1"]
[WhiteElo "1906"]
[BlackElo "2168"]
[Annotator "Donaldson"]
[PlyCount "60"]
[EventDate "2012.??.??"]

1. c4 e5 2. g3 Nc6 3. Bg2 g6 4. e3 Bg7 5. Ne2 Nge7 6. Nbc3 d6 7. O-O O-O 8. b3
Be6 9. Bb2 d5 10. cxd5 Nxd5 11. f4 Qd7 12. Ne4 Rad8 13. Nc5 Qc8 14. Nxe6 Qxe6
15. fxe5 $4 (15. Qc1) 15... Nxe3 16. Qc1 Nxf1 17. Bxf1 Nxe5 18. Nf4 Qb6+ 19.
Kg2 Ng4 20. Bxg7 Qf2+ 21. Kh3 h5 22. Bg2 Kxg7 23. Qc3+ Qd4 24. Rf1 Qxc3 25.
dxc3 Rd2 26. a4 Re8 27. Kh4 Kh6 28. Nxh5 gxh5 29. Rf5 Rxg2 30. Rxh5+ Kg6 0-1

[Event "Mechanics' Spring TNM; 30/90, SD/30"]
[Site "San Francisco"]
[Date "2012.04.24"]
[Round "7.11"]
[White "Ochoa, Jason"]
[Black "Thomas, Melvin"]
[Result "0-1"]
[WhiteElo "1906"]
[BlackElo "1774"]
[PlyCount "72"]
[EventDate "2012.??.??"]

1. c4 c6 2. g3 d5 3. Bg2 Nf6 4. Nf3 Bf5 5. O-O h6 6. b3 e6 7. Bb2 Be7 8. d3 O-O
9. Nbd2 Nbd7 10. Rc1 Qc7 11. Re1 Rfd8 12. cxd5 exd5 13. e4 dxe4 14. dxe4 Bh7
15. Qe2 Bb4 16. a3 Ba5 17. b4 Bb6 18. h3 Qxg3 19. Bd4 Bxd4 20. Nxd4 Qxa3 21. e5
Re8 22. e6 fxe6 23. Nxe6 Bg6 24. Nc4 Qxb4 25. Qf3 Bf7 26. Qf5 Nf8 27. Re3 Bxe6
28. Rxe6 Rxe6 29. Ne5 Rae8 30. f4 Qd4+ 31. Kh1 Rxe5 32. fxe5 Qxe5 33. Qc2 Nd5
34. Qb3 Re7 35. Rg1 Ng6 36. Rd1 Ngf4 0-1

[Event "Mechanics' Summer TNM; 30/90, SD/30"]
[Site "San Francisco"]
[Date "2012.06.05"]
[Round "3.3"]
[White "Ochoa, Jason"]
[Black "Traub, Igor"]
[Result "1-0"]
[WhiteElo "1900"]
[BlackElo "2135"]
[Annotator "Donaldson"]
[PlyCount "57"]
[EventDate "2012.??.??"]

1. c4 e6 2. g3 Nf6 3. Bg2 d5 4. Nf3 c6 5. O-O Bd6 6. b3 Nbd7 7. Bb2 O-O 8. Nc3
Re8 9. Rc1 b6 10. d4 Ba6 11. e4 Nxe4 12. Nxe4 dxe4 13. Nd2 f5 14. Re1 e5 15. f3
exf3 16. Nxf3 e4 17. Nh4 g6 (17... Qg5) 18. Qd2 Be7 (18... Ne5 $1) 19. Rcd1 Bb7
$2 (19... Bg5) (19... Bxh4) 20. Nxg6 $1 hxg6 21. Qh6 Bf8 22. Qxg6+ Bg7 23. d5
Ne5 24. Bxe5 Rxe5 25. dxc6 Qe8 26. Qxe8+ Raxe8 27. cxb7 R5e7 28. Rd5 Rxb7 29.
Rxf5 1-0

[Event "Mechanics' Summer TNM; 30/90, SD/30"]
[Site "San Francisco"]
[Date "2012.05.29"]
[Round "2.10"]
[White "Ochoa, Jason"]
[Black "Woebcke, Carl"]
[Result "1-0"]
[WhiteElo "1900"]
[BlackElo "1831"]
[PlyCount "63"]
[EventDate "2012.??.??"]

1. c4 e6 2. g3 d5 3. Bg2 Nf6 4. Nf3 c6 5. O-O Bd6 6. b3 Nbd7 7. Bb2 O-O 8. d3
e5 9. Nbd2 b6 10. cxd5 cxd5 11. d4 e4 12. Ne5 Bxe5 13. dxe5 Ng4 14. Nxe4 dxe4
15. Bxe4 Rb8 16. Qd6 Re8 17. Rfd1 Bb7 18. Bxb7 Rxb7 19. h3 Nh6 20. Rac1 Re6 21.
Qd5 Qb8 22. g4 Kh8 23. f4 Nf8 24. Ba3 Rd7 25. Bd6 Rdxd6 26. exd6 Rxe2 27. Rc7
Ne6 28. Rdc1 Nxc7 29. dxc7 Qc8 30. Qd8+ Re8 31. Qxe8+ Qxe8 32. c8=Q 1-0

[Event "Mechanics' Spring TNM; 30/90, SD/30"]
[Site "San Francisco"]
[Date "2012.03.27"]
[Round "3.5"]
[White "Odondoo, Ganbold"]
[Black "Todortsev, Victor"]
[Result "1-0"]
[WhiteElo "2311"]
[BlackElo "1967"]
[PlyCount "81"]
[EventDate "2012.??.??"]

1. e4 e5 2. Nc3 Nf6 3. g3 Nc6 4. Bg2 d6 5. Nf3 Be7 6. O-O Bg4 7. h3 Bh5 8. Re1
Nd4 9. g4 Nxf3+ 10. Bxf3 Bg6 11. d4 h5 12. g5 Nd7 13. h4 exd4 14. Nd5 Ne5 15.
Bg2 c6 16. Nxe7 Qxe7 17. Qxd4 c5 18. Qc3 f6 19. f4 Ng4 20. f5 Bf7 21. g6 Bg8
22. Bf4 O-O-O 23. Qa5 Kb8 24. Qxc5 Ne5 25. Qb4 Qc7 26. Re3 Qc5 27. Qxc5 dxc5
28. b3 c4 29. Ree1 Kc7 30. Red1 b5 31. Bxe5+ fxe5 32. Rxd8 Kxd8 33. Rd1+ Kc7
34. Bf1 a6 35. Kf2 a5 36. bxc4 bxc4 37. c3 Rh6 38. Rb1 Be6 39. fxe6 Rxg6 40.
Bxc4 Rg4 41. e7 1-0

[Event "Mechanics' Winter TNM; 30/90, SD/30"]
[Site "San Francisco"]
[Date "2012.01.10"]
[Round "2.21"]
[White "Olson, David"]
[Black "Campers, Willie"]
[Result "0-1"]
[WhiteElo "1404"]
[BlackElo "1641"]
[PlyCount "63"]
[EventDate "2012.??.??"]

1. e4 e6 2. Nc3 d5 3. Nf3 d4 4. Nb5 c5 5. Bc4 a6 6. Na3 b5 7. Be2 Nc6 8. O-O e5
9. d3 Nf6 10. Ng5 Be7 11. f4 Nd7 12. Bh5 O-O 13. Bd2 g6 14. Be2 exf4 15. Bxf4
Bxg5 16. Bd6 Re8 17. c4 b4 18. Nc2 Re6 19. Bg3 Nde5 20. Ne1 h5 21. h3 Re8 22.
Bh2 Be3+ 23. Kh1 Be6 24. g4 hxg4 25. hxg4 Qh4 26. Ng2 Qh3 27. Nf4 Bxf4 28. Rxf4
Kg7 29. g5 Rh8 30. Qg1 Rh7 31. Bf1 Qe3 32. Qg2 0-1

[Event "Mechanics' Mar TNM; 30/90, SD/30"]
[Site "San Francisco"]
[Date "2012.09.11"]
[Round "7.10"]
[White "Olson, David"]
[Black "Chernobilskiy, Mikhail"]
[Result "0-1"]
[WhiteElo "1400"]
[BlackElo "1855"]
[PlyCount "52"]
[EventDate "2012.??.??"]

1. e4 a6 2. Bc4 e6 3. Nc3 b5 4. Bb3 c5 5. a3 Bb7 6. d3 Nf6 7. Bg5 Be7 8. Nf3
O-O 9. Qd2 Nc6 10. Ne2 d5 11. e5 Nd7 12. Bf4 Rc8 13. c4 Na5 14. Ba2 dxc4 15.
Rd1 cxd3 16. Qxd3 Nb6 17. Qc2 Qc7 18. Bb1 g6 19. h4 Bxf3 20. gxf3 Rfd8 21. Ng3
Rxd1+ 22. Qxd1 Nd5 23. Qc1 Nb3 24. Qc2 Nd4 25. Qe4 Nxf4 26. Qxf4 Qxe5+ 0-1

[Event "Mechanics' Fall TNM; 30/90, SD/30"]
[Site "San Francisco"]
[Date "2012.12.11"]
[Round "9.22"]
[White "Olson, David"]
[Black "Cole, Tony"]
[Result "0-1"]
[WhiteElo "1529"]
[BlackElo "1523"]
[Annotator "Donaldson"]
[PlyCount "62"]
[EventDate "2012.??.??"]

1. e4 e5 2. Nf3 Nc6 3. a3 Bc5 4. Bc4 Nf6 5. d3 h6 6. Be3 d6 7. c3 Bg4 8. b4
Bxe3 9. fxe3 d5 10. exd5 Nxd5 11. Qe2 Qd6 12. O-O O-O-O 13. b5 Nce7 14. Ba2 f5
15. Qd2 e4 16. Nd4 exd3 17. Qxd3 Qg6 18. c4 Nf6 19. Nd2 h5 20. Kh1 Nd7 21. N2f3
Bxf3 22. gxf3 Nc5 23. Qc3 Rd6 24. Rg1 Qf6 25. Qb4 b6 26. Bb1 f4 $1 27. Nc6 Nxc6
28. bxc6 fxe3 29. Be4 Nxe4 30. fxe4 Qf3+ 31. Rg2 Rd2 0-1

[Event "Mechanics' Spring TNM; 30/90, SD/30"]
[Site "San Francisco"]
[Date "2012.04.24"]
[Round "7.31"]
[White "Olson, David"]
[Black "Cole, Tony"]
[Result "0-1"]
[WhiteElo "1400"]
[BlackElo "1484"]
[PlyCount "74"]
[EventDate "2012.??.??"]

1. e4 e5 2. Nf3 Nc6 3. d4 exd4 4. Nxd4 Nxd4 5. Qxd4 c5 6. Qe3 Nf6 7. Be2 Be7 8.
O-O O-O 9. Nc3 d6 10. b3 Ng4 11. Qd2 Bh4 12. g3 Bf6 13. Rb1 Be5 14. Nd5 h5 15.
c3 h4 16. f4 hxg3 17. hxg3 Bf6 18. f5 Ne5 19. Rf2 a6 20. c4 Nc6 21. Rh2 Bd4+
22. Kg2 Ne7 23. f6 Nxd5 24. fxg7 Ne3+ 25. Kh1 Re8 26. Bb2 Qf6 27. Rh8+ Kxg7 28.
Rxe8 b6 29. Bxd4 cxd4 30. Bh5 Bb7 31. Rxa8 Bxa8 32. Kg1 Bxe4 33. Qf2 Bxb1 34.
Qe2 Qf5 35. g4 Qf4 36. Qe1 Bxa2 37. g5 Qxg5+ 0-1

[Event "Mechanics' Fall TNM; 30/90, SD/30"]
[Site "San Francisco"]
[Date "2012.10.23"]
[Round "2.27"]
[White "Olson, David"]
[Black "Cowgill, Jackie"]
[Result "1-0"]
[WhiteElo "1529"]
[BlackElo "939"]
[PlyCount "65"]
[EventDate "2012.??.??"]

1. e4 e5 2. Bc4 Bc5 3. Nf3 Nc6 4. a3 Nf6 5. d3 O-O 6. O-O d5 7. exd5 Nxd5 8.
Re1 Bg4 9. Nbd2 Nf6 10. c3 a5 11. Qc2 Re8 12. Ne4 Nxe4 13. dxe4 Bxf3 14. gxf3
Ne7 15. Bg5 Qc8 16. Be3 Bd6 17. Kh1 Ng6 18. Rg1 Qd7 19. Rg4 b5 20. Ba2 a4 21.
Rd1 h5 22. Rxg6 Kh8 23. Rg3 Qe7 24. Rdg1 g6 25. Bg5 Qf8 26. Bf6+ Kh7 27. Qd2
Ra6 28. Qg5 c5 29. Bd5 Be7 30. Bxe7 Rxe7 31. Rh3 Qc8 32. Rh4 b4 33. Qxe7 1-0

[Event "Mechanics' Summer TNM; 30/90, SD/30"]
[Site "San Francisco"]
[Date "2012.05.22"]
[Round "1.20"]
[White "Olson, David"]
[Black "De Lenea, Digne"]
[Result "0-1"]
[WhiteElo "1400"]
[BlackElo "1875"]
[PlyCount "80"]
[EventDate "2012.??.??"]

1. e4 e6 2. d4 c5 3. Nf3 cxd4 4. Nxd4 Bc5 5. c3 Nc6 6. Be3 Qe7 7. Nd2 Nf6 8.
Bd3 Ne5 9. Bc2 Nfg4 10. Bf4 Qf6 11. Bg3 Nh6 12. h3 O-O 13. O-O b6 14. b4 Be7
15. f4 Qg6 16. Bh2 Nc6 17. e5 f5 18. Nb5 a5 19. bxa5 Rxa5 20. a4 Bc5+ 21. Kh1
Ba6 22. Rb1 Bxb5 23. Rxb5 Rd8 24. Nc4 Rxb5 25. axb5 Na5 26. Nd6 Nf7 27. Rf3
Nxd6 28. exd6 Nc4 29. Rg3 Qf7 30. Bb3 Nxd6 31. Qe2 Ne4 32. Rf3 Ra8 33. Rf1 Qf6
34. c4 Ra1 35. g4 Rxf1+ 36. Qxf1 Qc3 37. Ba2 Nf2+ 38. Kg1 Qf3 39. Qg2 Nxh3+ 40.
Kh1 Qd1+ 0-1

[Event "Mechanics' Summer TNM; 30/90, SD/30"]
[Site "San Francisco"]
[Date "2012.06.19"]
[Round "5.19"]
[White "Olson, David"]
[Black "Drane, Robert"]
[Result "1-0"]
[WhiteElo "1400"]
[BlackElo "1840"]
[PlyCount "65"]
[EventDate "2012.??.??"]

1. e4 Nf6 2. e5 Nd5 3. c4 Nb6 4. c5 Nd5 5. Bc4 e6 6. d4 b6 7. cxb6 axb6 8. Nf3
Ba6 9. Nbd2 Bb4 10. O-O O-O 11. a3 Bb7 12. Ba2 Be7 13. Re1 f5 14. Nc4 Kh8 15.
Bd2 Qe8 16. Ne3 Nxe3 17. Bxe3 g5 $2 18. d5 $1 exd5 19. Bxd5 c6 20. Bb3 g4 21.
Nd4 Qh5 22. Bf4 Na6 23. Re3 Nc5 24. Bc2 Rad8 25. Rh3 Qg6 26. Rh6 Ne6 (26... Qg8
27. Bxf5 $18) 27. Rxg6 Nxf4 28. Rf6 Bxf6 29. exf6 c5 30. Qd2 Nd5 31. Nxf5 Rxf6
32. Re1 Rdf8 33. Re5 1-0

[Event "Mechanics' Winter TNM; 30/90, SD/30"]
[Site "San Francisco"]
[Date "2012.02.14"]
[Round "7.29"]
[White "Olson, David"]
[Black "Harris, Clarence"]
[Result "1-0"]
[WhiteElo "1404"]
[BlackElo "1336"]
[PlyCount "35"]
[EventDate "2012.??.??"]

1. e4 e5 2. Nf3 Nc6 3. Bc4 Bc5 4. O-O Nf6 5. c3 O-O 6. b4 Bb6 7. a4 a6 8. d3 d6
9. Bg5 Bd7 10. Qe2 h6 11. Be3 Bxe3 12. fxe3 Bg4 13. Nbd2 Ne7 14. Qf2 Ng6 15.
Nh4 Nh5 16. Nxg6 d5 17. Bxd5 Qg5 18. Nxf8 1-0

[Event "Mechanics' Winter TNM; 30/90, SD/30"]
[Site "San Francisco"]
[Date "2012.01.31"]
[Round "5.22"]
[White "Olson, David"]
[Black "Harris, John"]
[Result "0-1"]
[WhiteElo "1404"]
[BlackElo "1737"]
[PlyCount "28"]
[EventDate "2012.??.??"]

1. e4 e5 2. Nf3 Nf6 3. Nc3 Bb4 4. d3 d5 5. exd5 Qxd5 6. Bd2 Bxc3 7. Bxc3 Nc6 8.
Qe2 O-O 9. g3 Nd4 10. Bxd4 exd4 11. Kd2 Re8 12. Qd1 Ng4 13. Bg2 Nxf2 14. Nh4
Qg5# 0-1

[Event "Mechanics' Mar TNM; 30/90, SD/30"]
[Site "San Francisco"]
[Date "2012.09.25"]
[Round "9.20"]
[White "Olson, David"]
[Black "Krienke, Jason"]
[Result "1-0"]
[WhiteElo "1400"]
[BlackElo "1713"]
[PlyCount "43"]
[EventDate "2012.??.??"]

1. e4 e5 2. Bc4 Nf6 3. Nc3 c6 4. Nf3 Bd6 5. d3 b5 6. Bb3 a5 7. a3 Ba6 8. O-O c5
9. Bg5 h6 10. Bh4 g5 11. Bg3 Nc6 12. Nd5 Nh5 13. c3 Nf4 14. c4 Nd4 15. Nxd4
cxd4 16. Rc1 Nxd5 17. exd5 Rc8 18. c5 Bxc5 19. Bxe5 f6 20. Qh5+ Kf8 21. d6 Rh7
22. Qg6 1-0

[Event "Mechanics' Mar TNM; 30/90, SD/30"]
[Site "San Francisco"]
[Date "2012.08.21"]
[Round "4.29"]
[White "Olson, David"]
[Black "Lazaro, Fernando"]
[Result "1-0"]
[WhiteElo "1400"]
[BlackElo "1254"]
[PlyCount "63"]
[EventDate "2012.??.??"]

1. e4 b6 2. Bc4 Bb7 3. Nc3 e6 4. Nf3 Be7 5. O-O Nc6 6. d4 h6 7. a3 d6 8. d5 Ne5
9. Ba2 exd5 10. Nxd5 Nf6 11. Re1 O-O 12. Nd4 Nxd5 13. exd5 Bg5 14. f4 Bh4 15.
g3 Ng6 16. gxh4 Qxh4 17. Qf3 $4 Bc8 $4 18. Bd2 Bg4 19. Qg3 Qf6 20. c3 Bf5 21.
Re2 Rae8 22. Rae1 Rxe2 23. Rxe2 Ne7 24. Rxe7 Qxe7 25. Nxf5 Qf6 26. Bb1 Re8 27.
Bd3 Kh8 28. Qh4 Qg6+ 29. Kf2 a5 30. c4 f6 31. Qh3 a4 32. Nxd6 1-0

[Event "Mechanics' Spring TNM; 30/90, SD/30"]
[Site "San Francisco"]
[Date "2012.03.13"]
[Round "1.18"]
[White "Olson, David"]
[Black "Ledford, Steven"]
[Result "0-1"]
[WhiteElo "1400"]
[BlackElo "1944"]
[PlyCount "62"]
[EventDate "2012.??.??"]

1. e4 d6 2. d4 Nf6 3. Bd3 g6 4. c4 Bg7 5. Nf3 O-O 6. Nbd2 c5 7. d5 Nbd7 8. O-O
Qc7 9. Rb1 Ne5 10. Nxe5 dxe5 11. b4 cxb4 12. Rxb4 Nh5 13. g3 a5 14. Ra4 Bd7 15.
Ra3 Qc8 16. Be2 Nf6 17. f4 exf4 18. Rxf4 Bh6 19. Rf2 Ng4 20. Bxg4 Bxg4 21. Qf1
Bg7 22. Nf3 Ra6 23. Ng5 Qc5 24. Kh1 Rf6 25. Rxf6 Bxf6 26. Rd3 Qxc4 27. Rd1 Qxa2
28. Rd2 Qa4 29. Qd3 Bxg5 30. Ra2 Qxa2 31. Bxg5 Qf2 0-1

[Event "Mechanics' Summer TNM; 30/90, SD/30"]
[Site "San Francisco"]
[Date "2012.06.26"]
[Round "6.13"]
[White "Olson, David"]
[Black "Ledford, Steven"]
[Result "0-1"]
[WhiteElo "1400"]
[BlackElo "1924"]
[PlyCount "56"]
[EventDate "2012.??.??"]

1. e4 c5 2. Nf3 d6 3. Bb5+ Bd7 4. Nc3 Nf6 5. Qe2 Nc6 6. O-O e6 7. Rd1 Be7 8. d4
cxd4 9. Nxd4 O-O 10. a3 Qc7 11. Bc4 a6 12. f4 Nxd4 13. Rxd4 d5 14. exd5 Bc5 15.
Be3 Bxd4 16. Bxd4 exd5 17. Nxd5 Nxd5 18. Bxd5 Bc6 19. Qg4 g6 20. Bb3 Qd7 21.
Qd1 Rad8 22. c3 Qf5 23. Qf1 Rfe8 24. Qf2 Qb5 25. Bd1 Qd3 26. Qh4 Rxd4 27. cxd4
Qxd4+ 28. Kh1 Qxb2 0-1

[Event "Mechanics' Summer TNM; 30/90, SD/30"]
[Site "San Francisco"]
[Date "2012.07.10"]
[Round "8.19"]
[White "Olson, David"]
[Black "MacIntyre, Brendan"]
[Result "1-0"]
[WhiteElo "1400"]
[BlackElo "1684"]
[PlyCount "61"]
[EventDate "2012.??.??"]

1. e4 c5 2. Bc4 Nc6 3. a3 g6 4. Nf3 Bg7 5. c3 e6 6. d4 cxd4 7. cxd4 d5 8. exd5
exd5 9. Ba2 Nge7 10. O-O O-O 11. Re1 Bg4 12. Bg5 Qd7 13. Nc3 Rae8 14. h3 Bxf3
15. Qxf3 Nxd4 16. Qd3 Ne6 17. Bxe7 Qxe7 18. Nxd5 Qg5 19. Re3 Nf4 20. Nxf4 Qxf4
21. Rf3 Qc7 22. Rb1 Bxb2 23. Qb3 Bc1 24. g3 Bg5 25. Qxb7 Re1+ 26. Kg2 Re7 27.
Qd5 Re5 28. Rb7 Qe7 29. Rxe7 Rxd5 30. Rexf7 Rxf7 31. Bxd5 1-0